[Event "Tournoi de +55 ans de Muret"]
[Site "Muret"]
[Date "2014.06.27"]
[Round "5.7"]
[White "Moruzzi, Gerard"]
[Black "Riviere, Gerard"]
[Result "1/2-1/2"]
[WhiteElo "1675"]
[BlackElo "1791"]
[PlyCount "93"]
[EventDate "2014.??.??"]

1. e4 c5 2. c4 Nc6 3. Nc3 g6 4. g3 Bg7 5. Nge2 a6 6. Bg2 e6 7. d3 Nge7 8. Be3
Nd4 9. Qd2 Nec6 10. O-O O-O 11. Rab1 d6 12. Kh1 Rb8 13. Bh6 Nxe2 14. Nxe2 Bxh6
15. Qxh6 Nb4 16. Nc1 b5 17. Rd1 e5 18. Qd2 Nc6 19. Ne2 Bg4 20. f3 Be6 21. b3 b4
22. Rf1 Qc8 23. Rf2 a5 24. f4 Bg4 25. Bf3 Bxf3+ 26. Rxf3 f5 27. Rbf1 Qb7 28.
Kg1 Rbe8 29. R3f2 fxe4 30. dxe4 Nd4 31. Qd3 Qe7 32. Kg2 Qb7 33. Kg1 Qc6 34. Kg2
Kg7 35. Kg1 a4 36. g4 axb3 37. axb3 Nxe2+ 38. Qxe2 Rxf4 39. Rxf4 exf4 40. Rxf4
Re5 41. Qf3 Qe8 42. h4 h6 43. Qd3 Qe7 44. Kg2 g5 45. hxg5 hxg5 46. Rf5 Qe6 47.
Qe3 1/2-1/2

[Event "Tournoi de +55 ans de Muret"]
[Site "Muret"]
[Date "2014.06.29"]
[Round "5.8"]
[White "De Biasi, Robert"]
[Black "Mauduit, Emile"]
[Result "1-0"]
[WhiteElo "1630"]
[BlackElo "1619"]
[PlyCount "73"]
[EventDate "2014.??.??"]

1. c4 Nf6 2. Nc3 c5 3. g3 g6 4. Bg2 Bg7 5. e3 O-O 6. Nge2 Nc6 7. O-O d6 8. a3
Bd7 9. d4 cxd4 10. exd4 Rb8 11. b4 b6 12. Bb2 Qc8 13. Rc1 Nd8 14. Nd5 Nxd5 15.
Bxd5 Ne6 16. Ba1 Qe8 17. Bg2 Ng5 18. h4 Ne6 19. d5 Nc7 20. Bxg7 Kxg7 21. b5 Qd8
22. Nf4 Ne8 23. Re1 Nf6 24. Qd4 Kg8 25. Rc3 Ng4 26. h5 g5 27. Ne6 Bxe6 28. dxe6
Ne5 29. exf7+ Kxf7 30. Qe4 Rh8 31. Qf5+ Ke8 32. Rxe5 Rc8 33. Re2 e5 34. Bc6+
Ke7 35. Qxg5+ Ke6 36. Qh6+ Qf6 37. Bd7+ 1-0

[Event "Tournoi de +55 ans de Muret"]
[Site "Muret"]
[Date "2014.06.27"]
[Round "5.10"]
[White "Parpinel, Mario"]
[Black "Orlovic, Lucie"]
[Result "1-0"]
[WhiteElo "1665"]
[BlackElo "1108"]
[PlyCount "51"]
[EventDate "2014.??.??"]

1. e4 e5 2. f4 Nc6 3. Nf3 Bd6 4. Bc4 Qe7 5. O-O exf4 6. d4 Na5 7. Bd3 Nf6 8. e5
O-O 9. exd6 Qxd6 10. c3 Re8 11. Nbd2 Qe6 12. Re1 Qd6 13. Rxe8+ Nxe8 14. Ne4 Qe6
15. Bxf4 b6 16. Neg5 Qf6 17. Bxh7+ Kf8 18. Be5 Qh6 19. Be4 c6 20. Bf4 g6 21.
Ne6+ fxe6 22. Bxh6+ Ke7 23. Ne5 Kf6 24. Qf1+ Ke7 25. Qf7+ Kd8 26. Bg5+ 1-0

[Event "Tournoi de +55 ans de Muret"]
[Site "Muret"]
[Date "2014.06.27"]
[Round "5.11"]
[White "Hazarabedian, Guy"]
[Black "Fora, Jean-Paul"]
[Result "1/2-1/2"]
[WhiteElo "1381"]
[BlackElo "1532"]
[PlyCount "104"]
[EventDate "2014.??.??"]

1. d4 e6 2. c4 f5 3. Nf3 Nf6 4. Nc3 c6 5. h3 d5 6. cxd5 exd5 7. e3 Bd6 8. a3
O-O 9. b4 Ne4 10. Bb2 Nxc3 11. Bxc3 Nd7 12. Be2 Nf6 13. O-O Ne4 14. Bb2 f4 15.
Nd2 Nxd2 16. Qxd2 fxe3 17. fxe3 Qg5 18. Rxf8+ Kxf8 19. Rf1+ Kg8 20. Rf3 Bf5 21.
Bd3 Bxd3 22. Qxd3 Re8 23. Bc1 Qe7 24. Bd2 Rf8 25. Rxf8+ Qxf8 26. Qf1 Qxf1+ (
26... Bh2+) 27. Kxf1 Kf7 28. Kf2 Kf6 29. Kf3 a5 30. e4 dxe4+ 31. Kxe4 axb4 32.
axb4 Ke6 33. Bc3 Be7 34. g4 Bg5 35. Be1 Bc1 36. Bc3 g6 37. Be1 Bb2 38. Bd2 h5
39. Be1 Bc1 40. Bc3 hxg4 41. hxg4 Kd6 42. Be1 Ba3 43. Bc3 b6 44. Be1 Ke6 45.
Bc3 Bc1 46. Be1 Bg5 47. Bc3 Bh4 48. Bd2 Bf2 49. Bc3 Kd6 50. Bd2 Bh4 51. Bc3 Bf6
52. Bd2 Bg7 1/2-1/2

[Event "Tournoi de +55 ans de Muret"]
[Site "Muret"]
[Date "2014.06.27"]
[Round "5.12"]
[White "Lamory, Jacques"]
[Black "Fabre, Pierre"]
[Result "1/2-1/2"]
[WhiteElo "1200"]
[BlackElo "1392"]
[PlyCount "81"]
[EventDate "2014.??.??"]

1. d4 Nf6 2. Nf3 e6 3. Bg5 Be7 4. Nbd2 O-O 5. e3 b6 6. Bd3 h6 7. Bf4 d6 8. O-O
Bb7 9. c3 e5 10. dxe5 dxe5 11. Bxe5 Qxd3 12. Bxc7 Bd6 13. Ne1 Qd5 14. c4 Qc6
15. Bxd6 Qxd6 16. Nef3 Nbd7 17. Re1 Nc5 18. Nd4 Rfd8 19. N2f3 Ba6 20. Qc2 Rac8
21. Red1 Qc7 22. b3 Nfe4 23. b4 Bb7 24. bxc5 Qxc5 25. Rac1 Nd6 26. Nd2 Ba6 27.
Qa4 Qa5 28. Qxa5 bxa5 29. c5 Ne8 30. c6 Rc7 31. N2b3 Rd5 32. Nc5 Bc8 33. Ncb3
Be6 34. e4 Re5 35. f3 Bxb3 36. axb3 Nf6 37. Rc2 a6 38. Rb2 Ne8 39. b4 axb4 40.
Rxb4 Nd6 41. Ra1 1/2-1/2

[Event "Tournoi de +55 ans de Muret"]
[Site "Muret"]
[Date "2014.06.28"]
[Round "6.1"]
[White "De Lagontrie, Jean"]
[Black "Peric, Slavisa"]
[Result "1/2-1/2"]
[WhiteElo "1855"]
[BlackElo "2177"]
[PlyCount "130"]
[EventDate "2014.??.??"]

1. d4 e6 2. c4 Bb4+ 3. Bd2 Bxd2+ 4. Qxd2 f5 5. g3 Nf6 6. Nc3 O-O 7. Bg2 d5 8.
cxd5 exd5 9. Nf3 c6 10. O-O Nbd7 11. Rad1 Ne4 12. Qc2 Qe7 13. e3 g5 14. Nd2
Ndf6 15. f3 Nd6 16. e4 fxe4 17. fxe4 dxe4 18. Ndxe4 Ndxe4 19. Nxe4 Nd5 20.
Rxf8+ Kxf8 21. Rf1+ Kg7 22. Qc5 Qxc5 23. dxc5 Ne3 24. Re1 Nxg2 25. Kxg2 Be6 26.
Nc3 Kf7 27. Kf2 h6 28. a3 b6 29. Ne4 Bd5 30. Nd6+ Kg6 31. Re8 Rxe8 32. Nxe8
bxc5 33. Nd6 Kf6 34. Nb7 c4 35. Ke3 Ke5 36. Nc5 Bg2 37. Na4 Be4 38. Nc3 Bf5 39.
Ne2 Bc2 40. Nd4 Ba4 41. Ne2 Bc2 42. Nd4 Be4 43. Ne2 Bg6 44. Nd4 Kd5 45. Ne2 c3
46. Nxc3+ Kc4 47. Kd2 Kd4 48. Ke2 Bh5+ 49. Kd2 Bg4 50. h4 Bf3 51. hxg5 hxg5 52.
Na4 c5 53. Nc3 a6 54. Na4 Bc6 55. Nc3 a5 56. Ke2 Be8 57. Kd2 Bg6 58. Ke2 Bh5+
59. Kd2 c4 60. Nb5+ Ke4 61. Nd6+ Kf3 62. Nxc4 Kxg3 63. Nxa5 Bf7 64. Nc6 Bd5 65.
Nd4 Kf4 1/2-1/2

[Event "Tournoi de +55 ans de Muret"]
[Site "Muret"]
[Date "2014.06.28"]
[Round "6.2"]
[White "Gregory, Daniel"]
[Black "Milnes, Anthony C P"]
[Result "1-0"]
[WhiteElo "2077"]
[BlackElo "2043"]
[PlyCount "97"]
[EventDate "2014.??.??"]

1. e4 e6 2. d4 d5 3. Nc3 Bb4 4. e5 c5 5. a3 Bxc3+ 6. bxc3 Qa5 7. Bd2 Qa4 8. Qb1
c4 9. g3 Ne7 10. Bg2 Nbc6 11. Nf3 b6 12. O-O Bd7 13. Nh4 Ng6 14. Nf3 O-O-O 15.
Ng5 Rdf8 16. f4 h6 17. Nf3 Nge7 18. Qa2 h5 19. h4 Nf5 20. Kh2 Nce7 21. Bh3 Nh6
22. Rab1 Ng4+ 23. Kg2 Nf5 24. Rfe1 f6 25. Rb4 Qc6 26. a4 Nfh6 27. Reb1 Rf7 28.
Qb2 Rhf8 29. Qa2 fxe5 30. dxe5 Qc5 31. Bxg4 hxg4 32. Nd4 Nf5 33. Nxf5 exf5 34.
Re1 Bc6 35. Kf1 a5 36. Be3 d4 37. Rxc4 Qd5 38. Rxc6+ Qxc6 39. cxd4 Qh1+ 40. Ke2
Qf3+ 41. Kd2 Rd7 42. Qe6 Kc7 43. c4 Qg2+ 44. Re2 Qc6 45. Qxc6+ Kxc6 46. d5+ Kb7
47. Kd3 Ka6 48. Rb2 Rb7 49. e6 1-0

[Event "Tournoi de +55 ans de Muret"]
[Site "Muret"]
[Date "2014.06.28"]
[Round "6.3"]
[White "Lecoultre, Patrick"]
[Black "Darrigues, Alain"]
[Result "1/2-1/2"]
[WhiteElo "1702"]
[BlackElo "1831"]
[PlyCount "96"]
[EventDate "2014.??.??"]

1. d4 Nf6 2. Nf3 g6 3. Bf4 Bg7 4. Nc3 d5 5. e3 O-O 6. Be2 c5 7. Ne5 cxd4 8.
exd4 Nc6 9. O-O Qb6 10. Nxc6 bxc6 11. Na4 Qd8 12. c3 Nd7 13. Qd2 e5 14. Bh6 Re8
15. Bxg7 Kxg7 16. dxe5 Nxe5 17. Rfe1 Bf5 18. Nc5 Rb8 19. Nb3 Kg8 20. Nd4 Bd7
21. f4 c5 22. Nb3 c4 23. Qxd5 cxb3 24. fxe5 Qb6+ 25. Qd4 Rxe5 26. Qxb6 Rxb6 27.
axb3 Rxb3 28. Bc4 Rxe1+ 29. Rxe1 Rxb2 30. Re7 Be6 31. Bxe6 fxe6 32. Rxe6 Kf7
33. Ra6 Rb7 34. Kf2 Re7 35. Kf3 Ke8 36. h4 Kd8 37. Kf4 Kc8 38. Kg5 Kb7 39. Ra4
Kb6 40. Kf6 Rc7 41. c4 a5 42. Ke6 Rc5 43. Kd6 Rh5 44. g3 Rf5 45. g4 Rc5 46. g5
Rc6+ 47. Kd5 Rc5+ 48. Kd6 Rc6+ 1/2-1/2

[Event "Tournoi de +55 ans de Muret"]
[Site "Muret"]
[Date "2014.06.28"]
[Round "6.4"]
[White "Orlovic, Isa"]
[Black "Patrat, Joel"]
[Result "1-0"]
[WhiteElo "1856"]
[BlackElo "1867"]
[PlyCount "107"]
[EventDate "2014.??.??"]

1. Nf3 c5 2. c4 e6 3. g3 Nc6 4. Bg2 Nf6 5. O-O Qc7 6. Nc3 a6 7. d3 b6 8. Bf4 d6
9. Na4 Rb8 10. Rc1 Bd7 11. Nc3 h6 12. Re1 g5 13. Bd2 Be7 14. e3 h5 15. Nxg5 h4
16. Nf3 hxg3 17. fxg3 e5 18. Ng5 Ng4 19. Nd5 Qc8 20. Nf3 Bd8 21. Bc3 f6 22. Nh4
f5 23. Nf3 Be6 24. Rc2 Rb7 25. Bh1 Rbh7 26. Rg2 Qd7 27. h4 Qg7 28. Nf4 Bd7 29.
Nh3 Qg6 30. Kf1 Rh5 31. Ke2 Bf6 32. Nfg5 Kd8 33. Kd2 Re8 34. Kc1 Kc7 35. Rge2
Ne7 36. d4 cxd4 37. exd4 e4 38. Nf4 Bxg5 39. hxg5 Qxg5 40. Bd2 e3 41. Bxe3 Nxe3
42. Rxe3 Rhh8 43. Kb1 Qg4 44. Qc1 Qg7 45. Rxe7 Rxe7 46. Rxe7 Qxg3 47. Re1 Rh7
48. c5 dxc5 49. dxc5 Bb5 50. cxb6+ Kxb6 51. Nd5+ Kb7 52. Nc3+ Bc6 53. Bxc6+
Kxc6 54. Ne4+ 1-0

[Event "Tournoi de +55 ans de Muret"]
[Site "Muret"]
[Date "2014.06.28"]
[Round "6.5"]
[White "Riviere, Gerard"]
[Black "Saunders, Mark"]
[Result "1-0"]
[WhiteElo "1791"]
[BlackElo "1759"]
[PlyCount "29"]
[EventDate "2014.??.??"]

1. d4 Nf6 2. Nf3 c5 3. c4 cxd4 4. Nxd4 e5 5. Nb5 d5 6. cxd5 a6 7. N5c3 Bb4 8.
Qa4+ b5 9. Qxb4 Nxd5 10. Nxd5 Qxd5 11. Nc3 Qe6 12. e4 Nc6 13. Qc5 Nd4 14. Nd5
Qg6 15. Qe7# 1-0

[Event "Tournoi de +55 ans de Muret"]
[Site "Muret"]
[Date "2014.06.28"]
[Round "6.6"]
[White "De Biasi, Robert"]
[Black "Tholey, Jean-Paul"]
[Result "0-1"]
[WhiteElo "1630"]
[BlackElo "1903"]
[PlyCount "167"]
[EventDate "2014.??.??"]

1. c4 Nf6 2. Nc3 d5 3. cxd5 Nxd5 4. g3 g6 5. Bg2 Nxc3 6. bxc3 Bg7 7. e3 O-O 8.
Ne2 c5 9. O-O Qc7 10. Bb2 Nc6 11. d4 Rd8 12. Qc1 Be6 13. Rd1 Bc4 14. Bf1 Qa5
15. dxc5 Qxc5 16. Nd4 Bxf1 17. Rxf1 e5 18. Nxc6 Qxc6 19. Qc2 e4 20. Rfd1 b5 21.
a3 Qc4 22. Rd2 Rd3 23. Rad1 Rad8 24. Rxd3 exd3 25. Qd2 Qb3 26. Qc1 a5 27. Rd2
Bf8 28. Qd1 Qc4 29. h3 Bg7 30. Qc1 Rc8 31. Qd1 Bxc3 32. Bxc3 Qxc3 33. Rxd3 Qc1
34. Kg2 Qxd1 35. Rxd1 Rc3 36. Ra1 Kf8 37. Kf3 Ke7 38. Ke4 Kd6 39. Kd4 Rc2 40.
f3 Rg2 41. Rb1 Kc6 42. g4 Rg3 43. Rc1+ Kb6 44. f4 Rxh3 45. g5 h5 46. gxh6 Rxh6
47. Rc8 Rh1 48. Rf8 Rd1+ 49. Kc3 Rd7 50. Rb8+ Rb7 51. Rd8 Rc7+ 52. Kd4 f5 53.
Rb8+ Kc6 54. Ra8 Rd7+ 55. Kc3 Kb6 56. Rb8+ Rb7 57. Rg8 Rc7+ 58. Kd3 Rc6 59.
Rb8+ Kc5 60. Re8 Rd6+ 61. Kc3 b4+ 62. axb4+ axb4+ 63. Kc2 Kc4 64. Rc8+ Kd5 65.
Kb3 Ke4 66. Rc4+ Kxe3 67. Rxb4 Rd4 68. Rb6 Kxf4 69. Rxg6 Kf3 70. Kc3 Rd8 71.
Rh6 f4 72. Rf6 Kg3 73. Rg6+ Kf2 74. Rf6 f3 75. Rg6 Kf1 76. Rf6 f2 77. Rg6 Rd1
78. Kc2 Rd5 79. Kc1 Rd4 80. Kc2 Ke2 81. Re6+ Kf3 82. Rf6+ Rf4 83. Rxf4+ Kxf4
84. Kd2 0-1

[Event "Tournoi de +55 ans de Muret"]
[Site "Muret"]
[Date "2014.06.28"]
[Round "6.7"]
[White "Auge, Jean"]
[Black "Moruzzi, Gerard"]
[Result "0-1"]
[WhiteElo "1851"]
[BlackElo "1675"]
[PlyCount "118"]
[EventDate "2014.??.??"]

1. e4 e5 2. f4 d5 3. exd5 Qxd5 4. Nc3 Qe6 5. fxe5 Qxe5+ 6. Qe2 Qxe2+ 7. Bxe2
Nc6 8. Bb5 Bd7 9. Nf3 a6 10. Bxc6 Bxc6 11. O-O O-O-O 12. d3 f6 13. Bd2 Ne7 14.
a3 Ng6 15. Rae1 Bd6 16. Ne4 Be5 17. Nxe5 Nxe5 18. Bc3 Rde8 19. Bxe5 Rxe5 20.
Ng3 Rhe8 21. Rxe5 Rxe5 22. d4 Re6 23. Kf2 g6 24. c4 Bd7 25. Re1 c6 26. Rxe6
Bxe6 27. c5 Bd5 28. Nf1 Kc7 29. h3 Kd7 30. g4 Ke6 31. Kg3 h6 32. h4 Be4 33. Ne3
f5 34. Kf4 Bd3 35. gxf5+ gxf5 36. b3 Be4 37. Nc4 Kd5 38. Na5 Kxd4 39. Nxb7 Kc3
40. b4 Kb3 41. Nd8 Kxa3 42. Nf7 h5 43. Kg5 Kxb4 44. Kxh5 a5 45. Kg5 a4 46. h5
a3 47. Kf4 a2 48. h6 a1=Q 49. h7 Kxc5 50. h8=Q Qxh8 51. Nxh8 Kd4 52. Nf7 c5 53.
Nd6 c4 54. Nb5+ Kd3 55. Ke5 c3 56. Nd4 c2 57. Nb3 Kc3 58. Nc1 Kd2 59. Nb3+ Kd1
0-1

[Event "Tournoi de +55 ans de Muret"]
[Site "Muret"]
[Date "2014.06.28"]
[Round "6.8"]
[White "Hocher, Eugene"]
[Black "Parpinel, Mario"]
[Result "1-0"]
[WhiteElo "1657"]
[BlackElo "1665"]
[PlyCount "115"]
[EventDate "2014.??.??"]

1. d4 Nf6 2. Nf3 d5 3. c4 c6 4. cxd5 cxd5 5. e3 e6 6. Nc3 Be7 7. Bd3 O-O 8. O-O
Nc6 9. a3 a6 10. Bd2 b5 11. Qc2 Bb7 12. b4 Bd6 13. Ne2 Ne7 14. Nc1 Rc8 15. Qb2
Ne4 16. Be1 Rc7 17. Nb3 Qa8 18. Nc5 Ng6 19. a4 Bxc5 20. bxc5 bxa4 21. Rxa4 Ne7
22. Ba5 Bc6 23. Rb4 Rb7 24. Rxb7 Bxb7 25. Rb1 Nc6 26. Bc7 Bc8 27. Ra1 f6 28.
Qb6 a5 29. Bb5 Bd7 30. Bxc6 Qxc6 31. Qxc6 Bxc6 32. Rxa5 Rc8 33. Bb6 Kf8 34. Kf1
Ra8 35. Ke1 Ke7 36. Nd2 Nxd2 37. Kxd2 Rxa5 38. Bxa5 Kd7 39. Kc3 Bb5 40. Kb4 Kc6
41. Bd8 f5 42. Be7 h5 43. Kc3 g6 44. Bf6 Ba6 45. Kd2 Bb7 46. Ke2 Bc8 47. Kf3
Bd7 48. Kf4 Be8 49. Ke5 Kd7 50. Bg5 Kc6 51. Kxe6 f4 52. Bxf4 Bd7+ 53. Ke5 Bf5
54. f3 Bd7 55. h3 Bf5 56. g4 hxg4 57. hxg4 Bd7 58. Kf6 1-0

[Event "Tournoi de +55 ans de Muret"]
[Site "Muret"]
[Date "2014.06.28"]
[Round "6.9"]
[White "Mauduit, Emile"]
[Black "Flourac, Jean-Paul"]
[Result "1-0"]
[WhiteElo "1619"]
[BlackElo "1531"]
[PlyCount "87"]
[EventDate "2014.??.??"]

1. e4 Nc6 2. d4 d5 3. e5 h5 4. Nf3 Nh6 5. Bd3 Bg4 6. c3 Qd7 7. Bxh6 Rxh6 8.
Nbd2 a6 9. Qc2 e6 10. h3 Bxf3 11. Nxf3 O-O-O 12. Nd2 Be7 13. h4 f6 14. f4 fxe5
15. dxe5 Rf8 16. g3 Bc5 17. Nb3 Bb6 18. O-O-O Ne7 19. Nd4 Nf5 20. Nxf5 exf5 21.
Bc4 c6 22. Kb1 Kb8 23. Bd3 g6 24. Rhe1 Re8 25. Re2 Rh7 26. Qb3 Ka7 27. c4 Qe6
28. Rc1 Rd7 29. c5 Bc7 30. Re3 Qg8 31. a4 Re6 32. Qa3 Qd8 33. b4 b6 34. Bf1
bxc5 35. bxc5 Ba5 36. Rc2 Bb4 37. Qd3 Qc8 38. a5 Bxa5 39. Ra2 Rb7+ 40. Kc2 Rb5
41. Qa3 Bb4 42. Qa4 Rxc5+ $2 (42... Bxc5 $1) 43. Kb1 Qb7 44. Rb3 1-0

[Event "Tournoi de +55 ans de Muret"]
[Site "Muret"]
[Date "2014.06.28"]
[Round "6.10"]
[White "Fabre, Pierre"]
[Black "Hazarabedian, Guy"]
[Result "1/2-1/2"]
[WhiteElo "1392"]
[BlackElo "1381"]
[PlyCount "73"]
[EventDate "2014.??.??"]

1. d4 d5 2. Nf3 Nf6 3. c4 c6 4. Nc3 e6 5. Bg5 Be7 6. e3 Nbd7 7. cxd5 exd5 8.
Rc1 O-O 9. Bd3 Re8 10. O-O Nf8 11. h3 Ne6 12. Bxf6 Bxf6 13. Qc2 Nf8 14. a3 Bd7
15. b4 a6 16. Rfe1 Qc7 17. Na4 Be7 18. e4 dxe4 19. Bxe4 Qd6 20. Qc5 Qh6 21. Qc3
Rab8 22. Ne5 Be6 23. Nc5 Bg5 24. Rcd1 Red8 25. Nxe6 Nxe6 26. Bf3 Nf4 27. Be4
Nd5 28. Qf3 Qf6 29. Qxf6 Bxf6 30. Bxd5 Rxd5 31. Nf3 g6 32. Kf1 Rbd8 33. Re4 b6
34. Ke2 c5 35. bxc5 bxc5 36. Ke3 cxd4+ 37. Nxd4 1/2-1/2

[Event "Tournoi de +55 ans de Muret"]
[Site "Muret"]
[Date "2014.06.28"]
[Round "6.11"]
[White "Tourenne, Dominique"]
[Black "Orlovic, Lucie"]
[Result "1-0"]
[WhiteElo "1690"]
[BlackElo "1108"]
[PlyCount "79"]
[EventDate "2014.??.??"]

1. d4 d5 2. c4 Nf6 3. cxd5 Nxd5 4. Nf3 h6 5. e4 Nf6 6. Nc3 Bg4 7. Be2 Bxf3 8.
Bxf3 e6 9. O-O Be7 10. Be3 O-O 11. Qb3 b6 12. e5 c6 13. exf6 Bxf6 14. Rfd1 Qe7
15. Rac1 Rd8 16. Ne4 Nd7 17. Rxc6 Rac8 18. Rdc1 Rxc6 19. Rxc6 Nb8 20. Nxf6+
Qxf6 21. Rc7 Rd7 22. Rc1 Rd6 23. h3 Nd7 24. Qa3 e5 25. Rc8+ Nf8 26. d5 Rd8 27.
Rxd8 Qxd8 28. Qxa7 Nd7 29. Qa4 Nf6 30. Qc4 Qe8 31. Bxb6 e4 32. Be2 Qe5 33. Bd4
Qxd5 34. Bxf6 Qxc4 35. Bxc4 gxf6 36. a4 f5 37. a5 f4 38. a6 e3 39. fxe3 fxe3
40. a7 1-0

[Event "Tournoi de +55 ans de Muret"]
[Site "Muret"]
[Date "2014.06.28"]
[Round "6.12"]
[White "Fora, Jean-Paul"]
[Black "Lamory, Jacques"]
[Result "1-0"]
[WhiteElo "1532"]
[BlackElo "1200"]
[PlyCount "59"]
[EventDate "2014.??.??"]

1. b4 g6 2. Bb2 Nf6 3. c4 d6 4. d4 Nbd7 5. Nf3 Bg7 6. e3 O-O 7. Be2 b6 8. O-O
Qe8 9. Nbd2 e5 10. dxe5 dxe5 11. a4 e4 12. Ne1 Qe7 13. Qb3 Rb8 14. Nc2 c5 15.
b5 Ra8 16. a5 a6 17. axb6 Nxb6 18. bxa6 Bxa6 19. Ra3 Qd6 20. Rd1 Qc6 21. Rda1
Bb7 22. Qa2 Rfd8 23. Rd1 Na4 24. Ba1 Nc3 25. Bxc3 Ra6 26. Rxa6 Bxa6 27. Qb2 Re8
28. Rb1 Qd6 29. Qb6 Qxd2 30. Bxd2 1-0